Statistics for W-Answer Quiz

Click here to take the quiz!

General Stats

  • This quiz has been taken 37 times
  • The average score is 10 of 15

Answer Stats

HintAnswer% Correct
First name of four British kings ?William
94%
Country known as Cymru in native language?Wales
89%
Scandal that brought down President Nixon ?Watergate
89%
US State whose capital is Charleston ?West Virginia
86%
Breakfast item cooked using an iron ?Waffle
86%
New Zealand's capital ?Wellington
86%
Textile of which Angora is a type ?Wool
81%
Neighbourhood of Hawaii famous for it's beach ?Waikiki
72%
Largest city in Manitoba ?Winnipeg
67%
Alliterative star of Roald Dahl's confectionery empire ?Willy Wonka
64%
World's largest company by revenue ?Walmart
61%
Cat'O'Nine Tails was a type of ?Whip
50%
Another name for a lycanthrope ?Werewolf
44%
Strong desire to travel the world ?Wanderlust
44%
England's capital before London ?Winchester
25%

Score Distribution

Percentile by Number Answered

Percent of People with Each Score

Your Score History

You have not taken this quiz